| 000 | 00639nam a2200205 a 4500 | ||
|---|---|---|---|
| 005 | 20210223131914.0 | ||
| 008 | 121024s2007 es r 000 0 spa d | ||
| 020 | _a9788484124221 | ||
| 035 | _aUPN01000188025 | ||
| 049 | _aI | ||
| 050 | 4 |
_aPQ6668 I5 _bH3.3 |
|
| 100 | 1 |
_aRío, Carmina del _932941 |
|
| 245 | 1 | 0 |
_aHacemos deporte / _cil. y texto de Carmina del Río. |
| 260 |
_aBarcelona, Esp. : _bSalvatella, _c2007. |
||
| 300 |
_a31 p. : _bprincipalmente il. col. |
||
| 440 | 0 |
_aLaura y compañía ; _v20 |
|
| 650 | 4 |
_aLIBROS Y LECTURA PARA NIÑOS - _zESPAÑA _92310 |
|
| 650 | 4 |
_aDEPORTES EN LA LITERATURA _917471 |
|
| 905 | _aInfantil | ||
| 999 |
_c160128 _d160128 |
||